Black Sabbath - Paranoid Track List - Statistics

General Stats
  • This quiz has been taken 111 times
  • The average score is 6 of 8
Answer Stats
Track List % Correct
Paranoid
100%
War Pigs
95%
Iron Man
89%
Planet Caravan
75%
Electric Funeral
73%
Fairies Wear Boots
67%
Rat Salad
64%
Hand of Doom
60%
No matching quizzes found
Score Distribution
Percent of People with Each Score
Percentile by Number Answered
Your Score History
You have not taken this quiz